[Event "Moscow Open 2009 A"]
[Site ""]
[Date "2009.02.03"]
[Round "4.84"]
[White "Inants, Aghasi"]
[Black "Efanov, Nikolai"]
[Result "0-1"]
[WhiteElo "2192"]
[BlackElo "2411"]
[Annotator ""]
[Source ""]
[Remark ""]

1.e4 c5 2.Nf3 d6 3.d4 cxd4 4.Nxd4 Nf6 5.Nc3 a6 6.Be3 e6 7.f3
Nbd7 8.Qd2 Qc7 9.g4 h6 10.h4 b5 11.Rg1 Nb6 12.g5 hxg5 13.hxg5
Nfd7 14.g6 Ne5 15.gxf7+ Kxf7 16.Qg2 Kg8 17.O-O-O b4 18.Ncb5 axb5
19.Nxb5 Qb8 20.Rxd6 Nbd7 21.f4 Rxa2 22.fxe5 Ra1+ 23.Kd2 Nxe5
24.Rb6 Bb7 25.Be2 Rh2 26.Qxh2 Nc4+ 27.Bxc4 Qxh2+ 28.Kd3 Bxe4+ 0-1

[Event "Moscow Open 2009 A"]
[Site ""]
[Date "2009.02.03"]
[Round "4.85"]
[White "Shvedchikov, Anatoli I"]
[Black "Oparin, Grigoriy"]
[Result "1-0"]
[WhiteElo "2409"]
[BlackElo "2189"]
[Annotator ""]
[Source ""]
[Remark ""]

1.c4 e6 2.Nf3 Nf6 3.g3 d5 4.b3 Be7 5.Bb2 b6 6.cxd5 exd5 7.Bg2
O-O 8.O-O Bb7 9.d4 Nbd7 10.Nc3 c5 11.Rc1 Rc8 12.Bh3 a6 13.dxc5
bxc5 14.e3 Rc7 15.Re1 Qa8 16.Na4 Bd6 17.Nh4 Re8 18.Bxd7 Nxd7
19.Bxg7 Re4 20.Nf5 Bf8 21.Bxf8 Qxf8 22.Nc3 Re5 23.f4 d4 24.Qg4+
Kh8 25.exd4 cxd4 26.fxe5 dxc3 27.Qd4 Qc5 28.e6+ Qxd4+ 29.Nxd4
fxe6 30.Rxe6 Rc8 31.Re7 Nc5 32.Rxc3 1-0

[Event "Moscow Open 2009 A"]
[Site ""]
[Date "2009.02.03"]
[Round "4.86"]
[White "Reprintsev, Alexander"]
[Black "Semin, Gennadiy"]
[Result "1-0"]
[WhiteElo "2400"]
[BlackElo "2171"]
[Annotator ""]
[Source ""]
[Remark ""]

1.e4 d6 2.f4 Nf6 3.Nc3 e5 4.Nf3 Bg4 5.h3 Bxf3 6.Qxf3 Nbd7 7.b3
exf4 8.Qxf4 Nh5 9.Qf2 Be7 10.h4 Ne5 11.Be2 Nf6 12.h5 d5 13.Qf5
d4 14.Qxe5 dxc3 15.h6 cxd2+ 16.Bxd2 Nd7 17.hxg7 Rg8 18.Qh5 Rxg7
19.Bc3 Rxg2 20.Bc4 Ne5 21.Qxe5 Qd7 22.Bxf7+ 1-0

[Event "Moscow Open 2009 A"]
[Site ""]
[Date "2009.02.03"]
[Round "4.87"]
[White "Barsamian, Eduard"]
[Black "Okara, Andrey"]
[Result "1-0"]
[WhiteElo "2138"]
[BlackElo "2394"]
[Annotator ""]
[Source ""]
[Remark ""]

1.d4 d5 2.c4 e6 3.Nc3 Nf6 4.Nf3 Nbd7 5.Bg5 c6 6.Qc2 Be7 7.e3
a6 8.cxd5 cxd5 9.Bd3 b6 10.O-O Bb7 11.Rac1 Rc8 12.Bxf6 gxf6 13.e4
b5 14.exd5 b4 15.Qb3 Nb6 16.Na4 Nxd5 17.Nc5 Bxc5 18.dxc5 Kf8
19.Rc4 Rg8 20.Bxh7 Rg7 21.Bb1 a5 22.Rfc1 Qc7 23.c6 Ba6 24.Rh4
Ke7 25.Bd3 Bxd3 26.Qxd3 Rcg8 27.g3 f5 28.Nd4 Rg5 29.Re1 Kf8 30.Rh7
Qd6 31.c7 Qc5 32.Qb5 Qxb5 33.c8Q+ Qe8 34.Qc5+ Ne7 35.Rxe6 f4
36.Rf6 1-0

[Event "Moscow Open 2009 A"]
[Site ""]
[Date "2009.02.03"]
[Round "4.88"]
[White "Mokshanov, Alexey"]
[Black "Gorbatov, Alexej"]
[Result "1-0"]
[WhiteElo "2185"]
[BlackElo "2389"]
[Annotator ""]
[Source ""]
[Remark ""]

1.e4 g6 2.d4 Bg7 3.Nf3 a6 4.Bc4 b5 5.Bb3 Bb7 6.O-O Nf6 7.Nbd2
O-O 8.Re1 d6 9.c3 Nc6 10.Nf1 h6 11.Bc2 e5 12.dxe5 Nxe5 13.Nxe5
dxe5 14.f3 Qe7 15.Be3 Rfd8 16.Qe2 Nh5 17.g3 Bf8 18.Red1 Kh7 19.Bf2
Ng7 20.Ne3 c6 21.a3 h5 22.h4 Bc8 23.Rxd8 Qxd8 24.Rd1 Qc7 25.Nf1
Be6 26.Ne3 Ne8 27.Bd3 Qb7 28.Kh2 Nf6 29.Qc2 Nd7 30.Qe2 Kg8 31.Ra1
Nb6 32.Bc2 a5 33.f4 Rd8 34.Rd1 Rxd1 35.Qxd1 exf4 36.gxf4 Nc4
37.f5 Bc8 38.fxg6 fxg6 39.Bb3 Kh7 40.Qd8 1-0

[Event "Moscow Open 2009 A"]
[Site ""]
[Date "2009.02.03"]
[Round "4.89"]
[White "Apryshko, Gleb"]
[Black "Kargin, Arseny"]
[Result "0-1"]
[WhiteElo "2074"]
[BlackElo "2389"]
[Annotator ""]
[Source ""]
[Remark ""]

1.e4 c5 2.Nf3 d6 3.d4 cxd4 4.Qxd4 a6 5.c4 Nc6 6.Qd3 g6 7.Nc3
Bg7 8.Be2 Nf6 9.O-O O-O 10.Rb1 Bg4 11.Qe3 Rb8 12.Rd1 Nd7 13.b3
Qa5 14.Bb2 b5 15.cxb5 axb5 16.Nd5 Bxf3 17.Bxf3 Nde5 18.Bxe5 Bxe5
19.Rbc1 e6 20.Rxc6 exd5 21.Rxd5 Qxa2 22.Be2 Rbc8 23.Rxc8 Rxc8
24.Bf1 Rc3 25.Qb6 Rc1 26.Qxb5 Qb1 27.g3 Qxe4 28.Qd3 Qb4 29.Rb5
Qe1 30.Kg2 Rc3 31.Qd5 Rc2 32.Qa8+ Kg7 33.Qa7 Qe4+ 34.Kg1 Bd4
35.Rb4 Rd2 36.Rxd4 Rxd4 0-1

[Event "Moscow Open 2009 A"]
[Site ""]
[Date "2009.02.03"]
[Round "4.90"]
[White "Orlinkov, Maxim L"]
[Black "Chizhikov, Vladislav"]
[Result "1-0"]
[WhiteElo "2385"]
[BlackElo "2167"]
[Annotator ""]
[Source ""]
[Remark ""]

1.d4 Nf6 2.g3 g6 3.Bg2 Bg7 4.e4 d6 5.Ne2 Nbd7 6.h3 e5 7.Be3 exd4
8.Bxd4 O-O 9.Nbc3 c6 10.a4 Re8 11.O-O Qc7 12.g4 b6 13.Ng3 h6
14.Qd2 Ne5 15.b3 g5 16.f4 gxf4 17.Rxf4 Nh7 18.Raf1 Ng5 19.Nh5
Ba6 20.R1f2 Rf8 21.Nxg7 Kxg7 22.Rf6 Rad8 23.h4 Ne6 24.Qxh6+ 1-0

[Event "Moscow Open 2009 A"]
[Site ""]
[Date "2009.02.03"]
[Round "4.91"]
[White "Ageichenko, Genadi A"]
[Black "Shefer, Alexander"]
[Result "1-0"]
[WhiteElo "2367"]
[BlackElo "2146"]
[Annotator ""]
[Source ""]
[Remark ""]

1.d4 e6 2.Nf3 Nf6 3.c4 b6 4.g3 Ba6 5.Qa4 c6 6.Nc3 Be7 7.e4 d5
8.cxd5 Bxf1 9.Kxf1 exd5 10.e5 Ne4 11.Kg2 O-O 12.Re1 Nxc3 13.bxc3
c5 14.h4 Qd7 15.Qxd7 Nxd7 16.Bg5 Rfe8 17.Bxe7 Rxe7 18.a4 h6 19.Reb1
Rb8 20.h5 Rb7 21.Nh4 Nf8 22.Nf5 Rec7 23.a5 Ne6 24.Nd6 Rb8 25.Nb5
Rd7 26.f4 cxd4 27.cxd4 g6 28.hxg6 fxg6 29.a6 Kf7 30.Rc1 Ke7 31.Rc6
Rbd8 32.Kf2 Kf7 33.Ke3 Ng7 34.Kd3 Ne6 35.Rac1 Ke7 36.Ke3 h5 37.Rh1
Rg8 38.Nd6 Ng7 39.Kf3 Rh8 40.Rhc1 Ne6 41.Nb5 Rf8 42.Rc8 Rxc8
43.Rxc8 Nd8 44.g4 hxg4+ 45.Kxg4 Ne6 46.Rg8 Kf7 47.Ra8 Ke7 48.Nxa7
Nxd4 49.Nc8+ 1-0

[Event "Moscow Open 2009 A"]
[Site ""]
[Date "2009.02.03"]
[Round "4.92"]
[White "Maslak, Konstantin"]
[Black "Pasiev, Rakhim"]
[Result "1-0"]
[WhiteElo "2541"]
[BlackElo "2152"]
[Annotator ""]
[Source ""]
[Remark ""]

1.d4 f5 2.e4 fxe4 3.Nc3 Nf6 4.Bg5 b6 5.f3 e3 6.Bc4 Bb7 7.Qd3
Nc6 8.O-O-O Na5 9.d5 Nxc4 10.Qxc4 c6 11.Bxf6 exf6 12.d6 f5 13.Qd3
Qf6 14.Qxe3+ Qe6 15.Qd3 O-O-O 16.f4 g6 17.Nf3 Bg7 18.Rhe1 Qf6
19.a4 Rhe8 20.a5 b5 21.Ne5 Bh6 22.Qd4 a6 23.Qb6 1-0

[Event "Moscow Open 2009 A"]
[Site ""]
[Date "2009.02.03"]
[Round "4.93"]
[White "Krylov, Mikhail"]
[Black "Stoletov, Gennadi"]
[Result "1-0"]
[WhiteElo "2459"]
[BlackElo "2306"]
[Annotator ""]
[Source ""]
[Remark ""]

1.c4 c6 2.d4 d5 3.Nf3 Nf6 4.Nc3 e6 5.e3 Nbd7 6.Bd3 Bd6 7.O-O
O-O 8.b3 e5 9.cxd5 cxd5 10.Nb5 Bb8 11.dxe5 Nxe5 12.Be2 Nxf3+
13.Bxf3 a6 14.Nd4 Qd6 15.g3 Bh3 16.Re1 Bc7 17.Qd3 Rfe8 18.Bb2
Rad8 19.Rac1 Ba5 20.Red1 Ne4 21.Ne2 Qh6 22.Nf4 Ng5 23.Be2 Bd7
24.Qxd5 Bb5 25.Qf5 Bxe2 26.Nxe2 Bb6 27.Rxd8 Rxd8 28.Bd4 Bxd4
29.Nxd4 Ne6 30.Nxe6 fxe6 31.Qf3 1-0

[Event "Moscow Open 2009 A"]
[Site ""]
[Date "2009.02.03"]
[Round "4.94"]
[White "Osmolny, Vladimir I"]
[Black "Matsenko, Sergei"]
[Result "1/2-1/2"]
[WhiteElo "2306"]
[BlackElo "2429"]
[Annotator ""]
[Source ""]
[Remark ""]

1.d4 d5 2.Nf3 Nf6 3.c4 c6 4.Nc3 e6 5.e3 Nbd7 6.Bd2 Bd6 7.Rc1
O-O 8.h3 b6 9.cxd5 exd5 10.Bd3 Re8 11.Qc2 Qe7 12.O-O Bb7 13.Rfe1
Ne4 14.Bxe4 dxe4 15.Nh2 Nf6 16.Ne2 Nd5 17.a3 Rac8 18.Nf1 g6 19.Nc3
Nf6 20.Qa4 Bb8 21.b4 h5 22.Rc2 Qe6 23.Rb1 h4 24.Qb3 Qf5 25.a4
g5 26.Ne2 Bd6 27.Rbc1 Nd5 28.b5 cxb5 29.axb5 Rxc2 30.Rxc2 a5
31.bxa6 Bxa6 32.Be1 Bd3 33.Rb2 b5 34.Nh2 Bc4 35.Qd1 Ra8 36.Nc3
Nc7 37.Ng4 Kg7 38.f3 exf3 39.e4 Qf4 40.Rf2 1/2-1/2

[Event "Moscow Open 2009 A"]
[Site ""]
[Date "2009.02.03"]
[Round "4.95"]
[White "Seliverstov, Vladimir"]
[Black "Sharafiev, Azat"]
[Result "1/2-1/2"]
[WhiteElo "2303"]
[BlackElo "2421"]
[Annotator ""]
[Source ""]
[Remark ""]

1.d4 e6 2.Nf3 c5 3.c4 cxd4 4.Nxd4 Nf6 5.g3 d5 6.Bg2 e5 7.Nb3
d4 8.e3 a5 9.exd4 a4 10.Nc5 exd4 11.Qe2+ Qe7 12.Nd3 Bf5 13.Nf4
Nc6 14.O-O Qxe2 15.Nxe2 Bc5 16.Nf4 O-O 17.Nd2 Rfe8 18.Nf3 Na5
19.Bd2 Nxc4 20.Rac1 Nxd2 21.Nxd2 Bb4 22.Nf3 d3 23.a3 Bd6 24.Nxd3
Bxd3 25.Rfd1 Bxa3 26.bxa3 Be4 27.Nd4 Rac8 28.Nb5 Bxg2 29.Kxg2
g5 30.Nd6 Rxc1 31.Rxc1 Re2 32.Nxb7 Ra2 1/2-1/2

[Event "Moscow Open 2009 A"]
[Site ""]
[Date "2009.02.03"]
[Round "4.96"]
[White "Borisenko, Andrei"]
[Black "Prosviriakov, Vladimir"]
[Result "1-0"]
[WhiteElo "2415"]
[BlackElo "2305"]
[Annotator ""]
[Source ""]
[Remark ""]

1.e4 d6 2.d4 Nf6 3.Nc3 e5 4.Nf3 Nbd7 5.Bc4 Be7 6.O-O O-O 7.a4
c6 8.Qe2 b6 9.Rd1 Qc7 10.h3 a6 11.Nh4 exd4 12.Rxd4 Ne5 13.Bb3
c5 14.Rd1 Be6 15.f4 Nc6 16.Nf3 Bxb3 17.cxb3 Rfe8 18.f5 Nb4 19.Bf4
Rad8 20.Rd2 Qc6 21.Rad1 h6 22.Bh2 Qa8 23.e5 dxe5 24.Bxe5 Rxd2
25.Rxd2 Qc6 26.Kf2 Kf8 27.Kf1 Qc8 28.g4 Nd7 29.Qc4 Bf6 30.Bxf6
Nxf6 31.Re2 Rxe2 32.Kxe2 Qc6 33.Kf2 Qd6 34.Ne4 Nxe4+ 35.Qxe4
Nc6 36.h4 Nd4 37.Ne5 Qd8 38.Kg3 Qe8 39.Qd5 Nxb3 40.g5 Nd4 41.f6
hxg5 42.hxg5 Nf5+ 43.Kf4 g6 44.b3 Nd4 45.Qd6+ Kg8 46.Qe7 Ne6+
47.Kg4 Qxe7 48.fxe7 Nc7 49.Nd7 b5 50.Nf6+ Kg7 51.axb5 axb5 52.Kf3 1-0

[Event "Moscow Open 2009 A"]
[Site ""]
[Date "2009.02.03"]
[Round "4.97"]
[White "Reutsky, Sergei"]
[Black "Solovjev, Nikolay"]
[Result "1-0"]
[WhiteElo "2381"]
[BlackElo "2304"]
[Annotator ""]
[Source ""]
[Remark ""]

1.e4 c5 2.Nf3 a6 3.c3 b5 4.d4 Bb7 5.Bd3 d6 6.O-O Nd7 7.Qe2 e5
8.Rd1 Qc7 9.a4 c4 10.Bc2 Ngf6 11.Na3 Qc6 12.Be3 Bc8 13.dxe5 dxe5
14.Nxb5 axb5 15.axb5 Qb7 16.Rxa8 Qxa8 17.Qxc4 Be7 18.Ng5 Rf8
19.Bb3 Ng4 20.Nxh7 Nxe3 21.fxe3 Nc5 22.Nxf8 Nxb3 23.Rf1 Bf6 24.Qxb3
Qxe4 25.Nh7 Qxh7 26.Qd5 Qh6 27.Qe4 Bg5 28.Qxe5+ 1-0

[Event "Moscow Open 2009 A"]
[Site ""]
[Date "2009.02.03"]
[Round "4.98"]
[White "Korovianski, Dmitry"]
[Black "Onoprienko, Vladimir"]
[Result "0-1"]
[WhiteElo "2281"]
[BlackElo "2372"]
[Annotator ""]
[Source ""]
[Remark ""]

1.d4 Nf6 2.c4 g6 3.Nc3 Bg7 4.e4 O-O 5.Bg5 c5 6.d5 d6 7.f3 e6
8.Qd2 exd5 9.cxd5 a6 10.a4 Qa5 11.Nge2 Nbd7 12.Ng3 Re8 13.Be2
h5 14.O-O Nh7 15.Bh4 Qb4 16.Qc1 c4 17.Nd1 Nc5 18.Bxc4 Nxa4 19.Rb1
Bd7 20.b3 b5 21.Ne2 bxc4 22.bxa4 Qxa4 23.Nb2 Qa2 24.Qxc4 Qa3
25.Qc2 Rec8 26.Qd2 Qa2 27.Bf2 Bb5 28.e5 Bxe5 29.f4 Bg7 30.f5
Nf6 31.fxg6 fxg6 32.Nc3 Rxc3 33.Qxc3 Nxd5 34.Qg3 Bxf1 35.Qxg6
Nf4 36.Qe4 d5 0-1

[Event "Moscow Open 2009 A"]
[Site ""]
[Date "2009.02.03"]
[Round "4.99"]
[White "Gershkowich, David"]
[Black "Kurdakov, Yuri"]
[Result "1/2-1/2"]
[WhiteElo "2360"]
[BlackElo "2277"]
[Annotator ""]
[Source ""]
[Remark ""]

1.e4 e6 2.d4 d5 3.exd5 exd5 4.c4 Nf6 5.Nc3 Be7 6.Nf3 O-O 7.Bd3
c6 8.O-O Bg4 9.Re1 Nbd7 10.cxd5 Nxd5 11.a3 Bf6 12.Bc2 g6 13.Nxd5
cxd5 14.Bh6 Re8 15.Rxe8+ Qxe8 16.h3 Bxf3 17.Qxf3 Qe6 18.Rd1 1/2-1/2

[Event "Moscow Open 2009 A"]
[Site ""]
[Date "2009.02.03"]
[Round "4.100"]
[White "Khojayan, Vardan"]
[Black "Iljiushenok, Ilia"]
[Result "1-0"]
[WhiteElo "2272"]
[BlackElo "2360"]
[Annotator ""]
[Source ""]
[Remark ""]

1.d4 Nf6 2.c4 e6 3.Nf3 b6 4.g3 Ba6 5.b3 Bb4+ 6.Bd2 Be7 7.Bg2
c6 8.O-O d5 9.Qc2 O-O 10.Bf4 c5 11.cxd5 Nxd5 12.dxc5 Nxf4 13.gxf4
Nc6 14.Rd1 Nb4 15.Qc1 Qc7 16.Nc3 Qxc5 17.a3 Nc6 18.b4 Qh5 19.e4
Rac8 20.Qe3 Rfd8 21.Rac1 Bb7 22.Kh1 Bf8 23.Ng5 e5 24.f5 a5 25.Bf3
Qh4 26.Qxb6 Qxg5 27.Qxb7 axb4 28.Nd5 Ne7 29.Rxc8 Nxc8 30.axb4 1-0

[Event "Moscow Open 2009 A"]
[Site ""]
[Date "2009.02.03"]
[Round "4.101"]
[White "Kulakov, Viacheslav"]
[Black "Gaspariants, Garry"]
[Result "1/2-1/2"]
[WhiteElo "2360"]
[BlackElo "2268"]
[Annotator ""]
[Source ""]
[Remark ""]

1.d4 Nf6 2.Nf3 e6 3.c3 c5 4.Bg5 cxd4 5.cxd4 Qb6 6.Qb3 Bb4+ 7.Bd2
Nc6 8.e3 d5 9.Bd3 Bd7 10.O-O Rc8 11.Rc1 Bxd2 12.Qxb6 axb6 13.Nbxd2
Ke7 14.a3 Na7 15.Kf1 Bb5 16.Ne1 Rc6 17.a4 Bxd3+ 18.Nxd3 Rhc8
19.Ke2 Ne4 1/2-1/2

[Event "Moscow Open 2009 A"]
[Site ""]
[Date "2009.02.03"]
[Round "4.102"]
[White "Baghdasaryan, Vahe"]
[Black "Onoprijchuk, Boris"]
[Result "1/2-1/2"]
[WhiteElo "2246"]
[BlackElo "2358"]
[Annotator ""]
[Source ""]
[Remark ""]

1.e4 c5 2.Nf3 e6 3.d4 cxd4 4.Nxd4 Nc6 5.Nc3 Qc7 6.f4 a6 7.Nxc6
dxc6 8.a4 e5 9.Bc4 Bc5 10.Qh5 Nf6 11.Qxe5+ Qxe5 12.fxe5 Ng4 13.Bf4
Bd4 14.Rf1 Rf8 15.h3 Nxe5 16.O-O-O Bxc3 17.Bb3 Ng6 18.bxc3 Nxf4
19.Rxf4 Ke7 20.e5 Be6 21.Rb4 b5 22.Bxe6 fxe6 23.Rbd4 Ra7 1/2-1/2

[Event "Moscow Open 2009 A"]
[Site ""]
[Date "2009.02.03"]
[Round "4.103"]
[White "Zolotukhin, Valery"]
[Black "Nazaryev, Sergey"]
[Result "1/2-1/2"]
[WhiteElo "2358"]
[BlackElo "2236"]
[Annotator ""]
[Source ""]
[Remark ""]

1.e4 e5 2.Nf3 Nc6 3.Bc4 Bc5 4.c3 Nf6 5.d3 d6 6.Nbd2 O-O 7.O-O
a6 8.Bb3 Ba7 9.Re1 Ne7 10.Nf1 Ng6 11.Ng3 Bg4 12.h3 Be6 13.d4
Qc8 14.Bg5 Ne8 15.Bc2 f6 16.Be3 Ne7 17.Qd2 c5 18.d5 Bd7 19.Nh2
b5 20.a4 Nc7 21.b3 Rb8 22.Reb1 Rf7 23.c4 Bb6 24.Ne2 Ne8 25.g4
g5 26.axb5 axb5 27.Ng3 Ng6 28.Nf5 Kf8 29.Bd3 b4 30.Ra2 Ra8 1/2-1/2

[Event "Moscow Open 2009 A"]
[Site ""]
[Date "2009.02.03"]
[Round "4.104"]
[White "Elishev, Ivan"]
[Black "Biryukov, Dmitriy"]
[Result "1-0"]
[WhiteElo "2239"]
[BlackElo "2357"]
[Annotator ""]
[Source ""]
[Remark ""]

1.e4 d6 2.d4 g6 3.f4 Bg7 4.Nf3 Nf6 5.Bd3 O-O 6.O-O Na6 7.c3 c5
8.d5 c4 9.Bc2 Nc5 10.Qe2 Bd7 11.a4 Rc8 12.Nbd2 Qe8 13.Nxc4 Nxa4
14.Na3 Qd8 15.Kh1 a6 16.Nd4 b5 17.Bd3 Qc7 18.Nac2 Nc5 19.Nb4
Nxd3 20.Qxd3 Qc4 21.Re1 Ng4 22.Qxc4 Rxc4 23.Ndc6 e6 24.Kg1 Re8
25.Bd2 Nf6 26.Nd4 exd5 27.exd5 Ne4 28.Nb3 Nxd2 29.Nxd2 Rxf4 30.Rxe8+
Bxe8 31.Rxa6 Bh6 32.Nf3 Rf6 33.Ra8 Kf8 34.Kf2 Rf4 35.Rc8 1-0

[Event "Moscow Open 2009 A"]
[Site ""]
[Date "2009.02.03"]
[Round "4.105"]
[White "Stukopin, Andrey"]
[Black "Konovalov, Vladislav"]
[Result "1/2-1/2"]
[WhiteElo "2357"]
[BlackElo "2208"]
[Annotator ""]
[Source ""]
[Remark ""]

1.e4 Nf6 2.Nc3 d5 3.e5 d4 4.exf6 dxc3 5.fxg7 cxd2+ 6.Qxd2 Qxd2+
7.Bxd2 Bxg7 8.c3 Nc6 9.Nf3 O-O 10.Bd3 Bg4 11.h3 Bh5 12.g4 Bg6
13.Bxg6 hxg6 14.Ke2 Rad8 15.h4 Ne5 16.Nxe5 Bxe5 17.h5 gxh5 18.Rxh5
Bg7 19.Be3 Rd6 20.Rd1 Rxd1 21.Kxd1 Rd8+ 22.Ke2 a6 23.Bf4 c6 24.Rh3
Rd5 25.Rd3 Kf8 26.b3 e5 27.Be3 Ke7 28.c4 Rxd3 29.Kxd3 1/2-1/2

[Event "Moscow Open 2009 A"]
[Site ""]
[Date "2009.02.03"]
[Round "4.106"]
[White "Zhadanov, Nikolay"]
[Black "Ajrapetian, Gevorg"]
[Result "0-1"]
[WhiteElo "2226"]
[BlackElo "2350"]
[Annotator ""]
[Source ""]
[Remark ""]

1.e4 c5 2.Nf3 a6 3.g3 e6 4.Bg2 d6 5.O-O Nf6 6.Qe2 Nc6 7.c3 Be7
8.d4 cxd4 9.cxd4 d5 10.e5 Nd7 11.b3 O-O 12.Bb2 b5 13.a3 Qb6 14.Nbd2
a5 15.Rfe1 Ba6 16.Qe3 a4 17.b4 Qc7 18.h4 Nb6 19.Qd3 h6 20.Nh2
Rfc8 21.Ndf1 Nc4 0-1

[Event "Moscow Open 2009 A"]
[Site ""]
[Date "2009.02.03"]
[Round "4.107"]
[White "Gordievsky, Dmitry"]
[Black "Popilski, Gil"]
[Result "0-1"]
[WhiteElo "2207"]
[BlackElo "2348"]
[Annotator ""]
[Source ""]
[Remark ""]

1.d4 Nf6 2.c4 e6 3.Nf3 c5 4.d5 exd5 5.cxd5 d6 6.Nc3 g6 7.Bf4
Bg7 8.Qa4+ Bd7 9.Qb3 Qc7 10.e4 O-O 11.Be2 Nh5 12.Be3 Bg4 13.O-O
a6 14.h3 Bxf3 15.Bxf3 Nf6 16.e5 dxe5 17.d6 Qxd6 18.Qxb7 Nbd7
19.Rfd1 Qe6 20.Qxa8 Rxa8 21.Bxa8 h6 22.Na4 Nb6 23.Nxb6 Qxb6 24.Rab1
e4 25.b3 Qb8 26.Bc6 Qb6 27.Ba4 Qe6 28.Rd8+ Kh7 29.Rbd1 Nh5 30.Re8
Qf5 31.Bd7 Qf6 32.Rxe4 Qb2 33.Ra4 f5 34.Bc6 f4 35.Bd2 Qc2 36.Bf3
Bd4 37.Rxa6 Ng3 38.Kh2 Nf5 39.Ra7+ Kg8 40.Re1 Be3 41.fxe3 Kf8
42.Rd1 Nh4 43.Be2 Qe4 0-1

[Event "Moscow Open 2009 A"]
[Site ""]
[Date "2009.02.03"]
[Round "4.108"]
[White "Kremenietsky, Anatoly M"]
[Black "Rettore, Ludwig"]
[Result "1-0"]
[WhiteElo "2346"]
[BlackElo "2178"]
[Annotator ""]
[Source ""]
[Remark ""]

1.e4 e5 2.Nf3 Nf6 3.d4 Nxe4 4.Bd3 d5 5.Nxe5 Bd6 6.Nc3 Nxc3 7.bxc3
Nd7 8.O-O O-O 9.f4 f5 10.c4 c6 11.cxd5 cxd5 12.c4 Nf6 13.Qb3
Be6 14.c5 Bxe5 15.fxe5 Ng4 16.h3 Qh4 17.hxg4 fxg4 18.Bf4 g5 19.Bxh7+
Kxh7 1-0

[Event "Moscow Open 2009 A"]
[Site ""]
[Date "2009.02.03"]
[Round "4.109"]
[White "Airapetian, Gor"]
[Black "Tkachuk, Andrey"]
[Result "1-0"]
[WhiteElo "2346"]
[BlackElo "2150"]
[Annotator ""]
[Source ""]
[Remark ""]

1.e4 c5 2.Nf3 Nc6 3.Bb5 d6 4.O-O Bd7 5.c3 a6 6.Ba4 b5 7.Bc2 e5
8.h3 Be7 9.d4 Qc7 10.d5 Nd8 11.a4 Rb8 12.axb5 axb5 13.Be3 Nf6
14.Nbd2 O-O 15.b4 Nb7 16.Bd3 Ra8 17.Qb1 Nh5 18.Rxa8 Rxa8 19.bxc5
Nxc5 20.Bxb5 Rb8 21.c4 g6 22.Qb4 Nf4 23.Rb1 Nfd3 24.Qa3 f5 25.Bxd7
Rxb1+ 26.Nxb1 Qxd7 27.exf5 gxf5 28.Qa8+ Kg7 29.Nc3 Qb7 30.Qe8
Bf6 31.Qh5 f4 32.Bxc5 Nxc5 33.Ng5 Bxg5 34.Qxg5+ Kf7 35.Nb5 Qe7
36.Qh5+ 1-0

[Event "Moscow Open 2009 A"]
[Site ""]
[Date "2009.02.03"]
[Round "4.110"]
[White "Kozganbayev, Erken"]
[Black "Davydov, Sergey P"]
[Result "0-1"]
[WhiteElo "2161"]
[BlackElo "2342"]
[Annotator ""]
[Source ""]
[Remark ""]

1.e4 c5 2.Nf3 e6 3.g3 Nc6 4.Bg2 Nf6 5.Nc3 d6 6.O-O Be7 7.d4 cxd4
8.Nxd4 Bd7 9.Ndb5 Qb8 10.Bf4 Ne5 11.a4 a6 12.Na3 Qc7 13.Qe2 O-O
14.Bd2 Rac8 15.f4 Nc6 16.Kh1 e5 17.f5 Nd4 18.Qd3 b5 19.axb5 axb5
20.b4 0-1

[Event "Moscow Open 2009 A"]
[Site ""]
[Date "2009.02.03"]
[Round "4.112"]
[White "Kanygin, Nikolai N"]
[Black "Kovalev, Vladislav"]
[Result "0-1"]
[WhiteElo "2106"]
[BlackElo "2330"]
[Annotator ""]
[Source ""]
[Remark ""]

1.d4 Nf6 2.Nf3 g6 3.e3 Bg7 4.Bd3 O-O 5.O-O d6 6.h3 Re8 7.Re1
e5 8.dxe5 dxe5 9.e4 c6 10.Be3 Qc7 11.c3 h6 12.Qc2 Be6 13.Nbd2
Nbd7 14.Bc4 Bxc4 15.Nxc4 b5 16.Ncd2 a5 17.b3 Nh5 18.c4 b4 19.Rad1
Nf4 20.Nf1 Ne6 21.Qd2 Ndc5 22.Bxc5 Nxc5 23.Qd6 Qxd6 24.Rxd6 Rac8
25.Ng3 Bf8 26.Rd2 a4 27.Rb1 axb3 28.axb3 Ra8 29.Re1 h5 30.Nf1
h4 0-1

[Event "Moscow Open 2009 A"]
[Site ""]
[Date "2009.02.03"]
[Round "4.113"]
[White "Tenikashvili, Georgij"]
[Black "Vakhlamov, Igor L"]
[Result "1/2-1/2"]
[WhiteElo "2324"]
[BlackElo "2127"]
[Annotator ""]
[Source ""]
[Remark ""]

1.d4 d5 2.c4 c6 3.Nc3 Nf6 4.Nf3 a6 5.cxd5 cxd5 6.Bf4 Nc6 7.Rc1
Bf5 8.e3 e6 9.Qb3 Qd7 10.Be2 Bb4 11.Ne5 Bxc3+ 12.Rxc3 Nxe5 13.Bxe5
Rc8 14.Qb4 Ne4 15.Rxc8+ Qxc8 16.O-O f6 17.f3 Ng5 18.Bf4 Nf7 19.Re1
Nd8 20.Bd1 Qc4 21.Qa3 Nc6 22.Bb3 Qb4 23.Qxb4 Nxb4 24.Rc1 Nc6
25.e4 dxe4 26.g4 e5 27.gxf5 exf4 28.d5 Nd8 29.fxe4 Kd7 30.Rf1
Nf7 1/2-1/2

[Event "Moscow Open 2009 A"]
[Site ""]
[Date "2009.02.03"]
[Round "4.114"]
[White "Mikheev, Stanislav"]
[Black "Yeo, Michael J"]
[Result "1/2-1/2"]
[WhiteElo "2321"]
[BlackElo "2120"]
[Annotator ""]
[Source ""]
[Remark ""]

1.d4 d5 2.Nf3 Nc6 3.e3 Bg4 4.Bb5 e6 5.c4 Bb4+ 6.Ke2 Be7 7.Qa4
Qd7 8.Bd2 Bxf3+ 9.gxf3 Nxd4+ 10.exd4 c6 11.Nc3 cxb5 12.Nxb5 Rc8
13.cxd5 a6 14.Nc3 Qxa4 15.Nxa4 exd5 16.Rac1 Rc6 17.Rxc6 bxc6
18.Rc1 Kd7 19.Bf4 Nf6 20.Nb6+ Ke6 21.Rxc6+ Kf5 22.Be5 Rd8 23.Kd3
Ne8 24.a3 g5 25.b4 h5 26.h3 f6 27.Bg3 Kg6 28.a4 h4 29.Bh2 Bd6
30.Bxd6 Rxd6 31.Rxd6 Nxd6 32.Kc3 f5 33.Nxd5 g4 34.fxg4 fxg4 35.hxg4
Kg5 36.Ne3 h3 37.Nf1 Kxg4 38.Nh2+ Kf4 1/2-1/2

[Event "Moscow Open 2009 A"]
[Site ""]
[Date "2009.02.03"]
[Round "4.116"]
[White "Losev, Dmitry"]
[Black "Shurunov, Arseny"]
[Result "1-0"]
[WhiteElo "2313"]
[BlackElo "2105"]
[Annotator ""]
[Source ""]
[Remark ""]

1.e4 c5 2.Nf3 e6 3.b3 d6 4.Bb2 Nf6 5.e5 dxe5 6.Nxe5 a6 7.f4 Nbd7
8.Qf3 Qc7 9.Na3 Rb8 10.Nac4 b5 11.Ne3 Bb7 12.Qh3 Nd5 13.Nxd5
Bxd5 14.c4 bxc4 15.Bxc4 Nf6 16.O-O Be7 17.Bxa6 O-O 18.Bd3 Ne4
19.Nc4 Qd8 20.f5 Bf6 21.Bxf6 Nxf6 22.fxe6 Bxe6 23.Qg3 Qd4+ 24.Qe3
Qd5 25.Be2 Rfd8 26.Rae1 Qd4 27.Rf4 Qxe3+ 28.dxe3 Nd5 29.Rf2 Nb4
30.Bf1 Ra8 31.Ra1 Rd7 32.a3 Nd5 33.Rd2 Rb8 34.Rad1 Rxb3 35.e4
Bg4 36.Rxd5 g6 37.Rc1 1-0

[Event "Moscow Open 2009 A"]
[Site ""]
[Date "2009.02.03"]
[Round "4.119"]
[White "Terekhov, Konstantin"]
[Black "Morozov, Grigoriy"]
[Result "1/2-1/2"]
[WhiteElo "2228"]
[BlackElo "2306"]
[Annotator ""]
[Source ""]
[Remark ""]

1.d4 d5 2.c4 e6 3.Nc3 c6 4.Nf3 dxc4 5.a4 Bb4 6.e3 b5 7.Bd2 a5
8.Ne5 Bb7 9.Qg4 Kf8 10.Qh5 Qe8 11.Ne4 Be7 12.Ng5 Bxg5 13.Qxg5
f6 14.Qf4 g5 15.Qf3 Kg7 16.Qg3 fxe5 17.Qxg5+ Qg6 18.Qxe5+ Nf6
19.axb5 cxb5 20.Qxb5 Bd5 21.Bxc4 Nbd7 22.Bxd5 exd5 23.O-O Rab8
24.Qc6 Rhc8 25.Qd6 Rxb2 26.Bxa5 Qf5 27.Bc7 Ne4 28.Qe7+ Qf7 29.Qxf7+
Kxf7 30.Ra7 Ke7 1/2-1/2

[Event "Moscow Open 2009 A"]
[Site ""]
[Date "2009.02.03"]
[Round "4.120"]
[White "Ivanov, Victor L"]
[Black "Galiaev, Andrey"]
[Result "1-0"]
[WhiteElo "2499"]
[BlackElo "2288"]
[Annotator ""]
[Source ""]
[Remark ""]

1.e4 c5 2.c3 Nf6 3.e5 Nd5 4.Bc4 Nb6 5.Bb3 Nc6 6.Nf3 d5 7.exd6
Qxd6 8.Na3 Be6 9.d4 Bxb3 10.Qxb3 cxd4 11.Nb5 Qd7 12.Nbxd4 Nxd4
13.Nxd4 Qd5 14.Be3 Qxb3 15.axb3 a6 16.Kd2 Nd5 17.b4 e6 18.Ra5
Rc8 19.b5 axb5 20.Rxb5 b6 21.Rc1 Rc5 22.Ra1 Rc8 23.Ra7 Bc5 24.c4
Nc7 25.Rb3 b5 26.Rb7 bxc4 27.Rxc7 Rxc7 28.Rb8+ Kd7 29.Rxh8 1-0

[Event "Moscow Open 2009 A"]
[Site ""]
[Date "2009.02.03"]
[Round "4.121"]
[White "Robson, Ray"]
[Black "Syrchikov, Alexander"]
[Result "0-1"]
[WhiteElo "2455"]
[BlackElo "2261"]
[Annotator ""]
[Source ""]
[Remark ""]

1.e4 c5 2.Nf3 d6 3.d4 cxd4 4.Nxd4 Nf6 5.Nc3 g6 6.Be3 Bg7 7.f3
Nc6 8.Qd2 O-O 9.Bc4 Bd7 10.O-O-O Qc7 11.Bb3 Rfc8 12.h4 Na5 13.h5
Nc4 14.Bxc4 Qxc4 15.Kb1 b5 16.g4 e5 17.Nde2 b4 18.Nd5 Nxd5 19.exd5
e4 20.hxg6 fxg6 21.b3 Qc7 22.Bd4 exf3 23.Bxg7 fxe2 24.Rde1 Bxg4
25.Bb2 Qc5 26.Qg5 Qxc2+ 27.Ka1 Qf5 28.Qe7 Qf7 29.Qxd6 Rc2 30.Qxb4
Bf3 31.Rhg1 Qxd5 32.Rc1 Rxc1+ 0-1